00620nam a2200193 a 45000010005000000030009000050080041000140200015000550400028000700820017000981000031001152450052001462500007001982600030002053000010002355050133002456500026003786500022004041968CO-ViMGA141112s2004 ck r 000 u spa d a9700707539 aCO-ViMGAbspacCO-ViMGA04a345.026 M1761 aMárquez Piñero, Rafael10aDelitos Bancarios / cRafael Márquez Piñero a2a aMexico : bPorrua, c1996 a139 p aLa dimensión económica del derecho 12 - - El derecho penal económico 35 - - Los tipos penales bancarios, su evolución 5314aBANCA - DERECHO PENAL14aDELITOS BANCARIOS